| 000 | 00895nam a2200253 a 4500 | ||
|---|---|---|---|
| 001 | BRCA_7730 | ||
| 005 | 20190320205951.0 | ||
| 008 | 020913s2013----mx-a######---#000-0#spa-# | ||
| 020 | _a9789685852340 | ||
| 041 | _aspa | ||
| 044 | _amx | ||
| 050 | 4 |
_aNK1510 _b.T43 2013 |
|
| 100 | 1 |
_aThackara, John _919125 |
|
| 245 | 1 | 0 |
_aDiseñando para un mundo complejo _bacciones para lograr la sustentabilidad _cJohn Thackara ; traducción Jorge Eduardo Suárez Correa y Guillermina Fehér de la Torre. |
| 260 |
_aMéxico _bDesignio _c2013 |
||
| 300 |
_a180 p. _bil. _c23 cm. |
||
| 440 | 0 |
_aTeoría y práctica _910115 |
|
| 500 | _aTraducción de: In the Bubble. Designing in a complex world, 2008 | ||
| 504 | _aBibliografía: p. 173-177 | ||
| 650 | 1 | 4 |
_aDiseño _92672 |
| 700 | 1 |
_aSuárez Correa, Jorge Eduardo _etr. _919126 |
|
| 700 | 1 |
_aFehér de la Torre, Guillermina _etr. _919127 |
|
| 942 |
_2lcc _cB |
||
| 999 |
_c7404 _d7404 |
||